[Event "Bad Zwischenahn"]
[Site "NordWest-Cup"]
[Date "2006.02.03"]
[Round "3.19"]
[White "Busch, Christian"]
[Black "Lammers, Markus"]
[Result "0-1"]
[WhiteElo "2129"]
[BlackElo "2258"]
[PlyCount "139"]
[EventDate "2006.??.??"]

1. d4 Nf6 2. Nf3 e6 3. g3 b5 4. Bg2 Bb7 5. O-O Be7 6. b3 O-O 7. Bb2 c5 8. Nbd2
d5 9. Ne5 Nbd7 10. c4 b4 11. Nxd7 Qxd7 12. dxc5 Rac8 13. Rc1 Rxc5 14. Bxf6 gxf6
15. cxd5 Bxd5 16. Rxc5 Bxc5 17. Ne4 Be7 18. Qd4 Qd8 19. Rd1 f5 20. Nd2 Bxg2 21.
Qxd8 Rxd8 22. Kxg2 Bf6 23. Kf1 Bc3 24. Ke1 Rd6 25. e3 Kg7 26. Ke2 Ra6 27. Kf3
Rd6 28. Ke2 Ra6 29. Kf3 Rxa2 30. Nc4 Kf6 31. h3 h5 32. Rg1 e5 33. Rd1 e4+ 34.
Kg2 Ra6 35. Rd6+ Rxd6 36. Nxd6 Ke6 37. Nc8 a6 38. Nb6 h4 39. Kf1 Be5 40. Kg2
Bc3 41. Kf1 Be5 42. Kg2 Kd6 43. Nc4+ Kd5 44. Nb6+ Kc6 45. Na4 Bb8 46. Nb2 a5
47. Na4 Bd6 48. Nb2 Be5 49. Na4 Bc3 50. Kf1 Be5 51. Kg2 Bd6 52. Nb2 Bb8 53. Na4
Bc7 54. Nb2 Bd6 55. Na4 Bc5 56. gxh4 Bd6 57. f4 Kd5 58. Kf2 Ke6 59. Nb6 Kf6 60.
h5 Kg7 61. Nc4 Bc7 62. Nd2 Kh6 63. Nf1 Bd8 64. Ke2 Kxh5 65. Ng3+ Kg6 66. Nf1
Bf6 67. Nd2 Bd8 68. Nf1 Kf6 69. Nd2 Ke6 70. Nc4 0-1

[Event "Bad Zwischenahn"]
[Site "NordWest-Cup"]
[Date "2006.02.03"]
[Round "3.20"]
[White "Reinkemeier, Tobias"]
[Black "Rüberg, Jobst"]
[Result "1/2-1/2"]
[WhiteElo "2111"]
[BlackElo "2242"]
[PlyCount "61"]
[EventDate "2006.??.??"]

1. e4 c5 2. Nf3 e6 3. d4 cxd4 4. Nxd4 a6 5. Nc3 b5 6. Bd3 Qb6 7. Nb3 Qc7 8. O-O
Nf6 9. Qe2 d6 10. Bd2 Be7 11. a4 b4 12. Na2 a5 13. Nd4 Nbd7 14. c3 bxc3 15.
Nxc3 Bb7 16. Kh1 Nc5 17. Bb5+ Kf8 18. f3 h5 19. Rfb1 g6 20. Bg5 Kg7 21. Qe3 h4
22. Bf1 Nh5 23. Bxe7 Qxe7 24. Kg1 Rad8 25. Rd1 e5 26. Ndb5 Nf4 27. Ne2 Nfe6 28.
Nec3 Rd7 29. Bc4 Nf4 30. Rd2 Qg5 31. Re1 1/2-1/2

[Event "Bad Zwischenahn"]
[Site "NordWest-Cup"]
[Date "2006.02.04"]
[Round "4.1"]
[White "Schlawin, Marlon"]
[Black "Golod, Vitali"]
[Result "1-0"]
[WhiteElo "2302"]
[BlackElo "2577"]
[PlyCount "113"]
[EventDate "2006.??.??"]

1. e4 c5 2. Nf3 Nc6 3. Bb5 g6 4. Bxc6 dxc6 5. d3 Bg7 6. h3 Nf6 7. Nc3 O-O 8.
Be3 b6 9. Qd2 e5 10. O-O Re8 11. a3 a5 12. Na4 Rb8 13. Rab1 Nd7 14. Rfe1 Bf8
15. c4 b5 16. Nc3 f6 17. Qc2 Kh8 18. Ne2 Bd6 19. Nd2 b4 20. axb4 axb4 21. Nb3
Qe7 22. f4 Nf8 23. g4 Ne6 24. f5 Nd4 25. Nbxd4 cxd4 26. Bh6 gxf5 27. gxf5 Rg8+
28. Kf2 b3 29. Qd1 Bxf5 30. exf5 e4 31. Bf4 e3+ 32. Kf3 c5 33. Bxd6 Qxd6 34.
Nf4 Rg5 35. Rg1 Rxf5 36. Rg4 h5 37. Rh4 Rg8 38. Qh1 Rxf4+ 39. Rxf4 Qc6+ 40. Ke2
Rg2+ 41. Ke1 Qa8 42. Rxf6 Kh7 43. Rf8 Qa5+ 44. Kf1 Qd2 45. Qxg2 Qxd3+ 46. Kg1
Qxb1+ 47. Rf1 Qg6 48. Qxg6+ Kxg6 49. Kg2 Kg5 50. Kf3 Kh4 51. Rh1 e2 52. Kxe2
Kg3 53. h4 Kg2 54. Ra1 Kg3 55. Ra5 Kxh4 56. Rxc5 Kg4 57. Rd5 1-0

[Event "Bad Zwischenahn"]
[Site "NordWest-Cup"]
[Date "2006.02.04"]
[Round "4.2"]
[White "Wittje, Berthold"]
[Black "Karpatchev, Aleksandr"]
[Result "0-1"]
[WhiteElo "2263"]
[BlackElo "2530"]
[PlyCount "50"]
[EventDate "2006.??.??"]

1. Nf3 Nc6 2. d4 d5 3. Bf4 Bg4 4. e3 e6 5. Be2 Bd6 6. Bg3 Nge7 7. Nbd2 O-O 8.
c4 dxc4 9. Nxc4 Bb4+ 10. Nfd2 Bxe2 11. Qxe2 f5 12. O-O-O Qd5 13. Kb1 Qxg2 14.
Nf3 Qh3 15. Rhg1 f4 16. Bxf4 Ng6 17. Nfe5 Nxf4 18. exf4 Rxf4 19. Nxc6 bxc6 20.
Rg5 Be7 21. Rh5 Rxf2 22. Qe5 Qg4 23. Ne3 Qe2 24. d5 Bf6 25. Qxe6+ Kf8 0-1

[Event "Bad Zwischenahn"]
[Site "NordWest-Cup"]
[Date "2006.02.04"]
[Round "4.3"]
[White "Meijers, Viesturs"]
[Black "Kolthoff, Siegmund"]
[Result "1-0"]
[WhiteElo "2529"]
[BlackElo "2192"]
[PlyCount "81"]
[EventDate "2006.??.??"]

1. e4 e5 2. Nf3 Nf6 3. Nxe5 d6 4. Nf3 Nxe4 5. Nc3 Nxc3 6. dxc3 Be7 7. Bf4 Nc6
8. Qd2 a6 9. O-O-O Be6 10. Ng5 Bxg5 11. Bxg5 f6 12. Re1 Qd7 13. Bh4 O-O-O 14.
f3 h5 15. Bf2 Rde8 16. b3 Re7 17. Kb2 Rhe8 18. Rd1 Bf5 19. h3 Bg6 20. a4 Re5
21. c4 Qe7 22. Qc3 Bf7 23. f4 Re4 24. g3 h4 25. Bd3 hxg3 26. Bxg3 Bg6 27. Bxe4
Bxe4 28. Rhe1 Qd7 29. h4 Qg4 30. Rd2 a5 31. Rde2 f5 32. Rf2 Re6 33. Re3 Rg6 34.
Rf1 Nb4 35. Rc1 c5 36. Qd2 d5 37. cxd5 Nxd5 38. Rxe4 fxe4 39. Qxd5 Qxg3 40. Rd1
b6 41. Qa8+ 1-0

[Event "Bad Zwischenahn"]
[Site "NordWest-Cup"]
[Date "2006.02.04"]
[Round "4.4"]
[White "Kerker, Andreas"]
[Black "Teske, Henrik"]
[Result "0-1"]
[WhiteElo "2091"]
[BlackElo "2486"]
[PlyCount "48"]
[EventDate "2006.??.??"]

1. e4 c5 2. Nc3 Nc6 3. f4 g6 4. Nf3 Bg7 5. d3 e6 6. g3 Nge7 7. Bg2 d5 8. O-O b6
9. Bd2 O-O 10. Rb1 dxe4 11. dxe4 Ba6 12. Re1 e5 13. fxe5 Nxe5 14. Nxe5 Bxe5 15.
Nd5 Nc6 16. Bh6 Re8 17. Qd2 Qd6 18. Rbd1 Bc4 19. b3 Bxd5 20. exd5 Nd4 21. Be3
h5 22. Bxd4 cxd4 23. Qh6 Rac8 24. Be4 Bxg3 0-1

[Event "Bad Zwischenahn"]
[Site "NordWest-Cup"]
[Date "2006.02.04"]
[Round "4.5"]
[White "Gutman, Lev"]
[Black "Maahs, Erich"]
[Result "1-0"]
[WhiteElo "2465"]
[BlackElo "2148"]
[PlyCount "24"]
[EventDate "2006.??.??"]

1. Nf3 d5 2. g3 c5 3. Bg2 Nc6 4. O-O Bg4 5. c4 d4 6. b4 cxb4 7. a3 e6 8. axb4
Bxb4 9. Qa4 Bxf3 10. Bxf3 Nge7 11. Na3 O-O 12. Rb1 Rb8 1-0

[Event "Bad Zwischenahn"]
[Site "NordWest-Cup"]
[Date "2006.02.04"]
[Round "4.6"]
[White "Fish, Gennadij"]
[Black "Leiber, Bernard"]
[Result "1-0"]
[WhiteElo "2544"]
[BlackElo "2203"]
[PlyCount "30"]
[EventDate "2006.??.??"]

1. d4 Nf6 2. c4 d6 3. Nf3 g6 4. Nc3 Bg7 5. e4 O-O 6. Be2 e5 7. O-O Nc6 8. Be3
Ng4 9. Bg5 f6 10. Bc1 Bh6 11. d5 Nd4 12. h3 Bxc1 13. Qxc1 Nxf3+ 14. Bxf3 f5 15.
hxg4 fxg4 1-0

[Event "Bad Zwischenahn"]
[Site "NordWest-Cup"]
[Date "2006.02.04"]
[Round "4.7"]
[White "Stabolewski, Andreas"]
[Black "Zaragatski, Ilja"]
[Result "1/2-1/2"]
[WhiteElo "2225"]
[BlackElo "2400"]
[PlyCount "80"]
[EventDate "2006.??.??"]

1. c4 e5 2. Nc3 Nf6 3. e3 d5 4. cxd5 Nxd5 5. Qc2 Nc6 6. a3 Be6 7. Nf3 Bd6 8. b4
O-O 9. Bb2 Nxc3 10. Bxc3 a6 11. Be2 Re8 12. O-O Qf6 13. Bd3 Qh6 14. Rfc1 Rad8
15. Be4 Qh5 16. Qb2 Bd7 17. d3 Re6 18. Nd2 Rh6 19. Nf1 Nd4 20. exd4 exd4 21.
Bxd4 Bxh2+ 22. Nxh2 Qxh2+ 23. Kf1 Re6 24. f3 Bb5 25. Bg1 Qf4 26. Bf2 Rxe4 27.
fxe4 Rxd3 28. Kg1 Rd2 29. Qxd2 Qxd2 30. Rxc7 h6 31. Rxb7 Qb2 32. Rd1 Qxa3 33.
Rd8+ Kh7 34. Rxf7 Qa1+ (34... Kg6 35. Rc7 (35. Rf3 Qxb4) 35... Qa1+ 36. Kh2
Qe5+ 37. Bg3 Qxe4) 35. Kh2 Qe5+ 36. Kg1 Qxe4 37. Bd4 Qe1+ 38. Kh2 Qh4+ 39. Kg1
Qe1+ 40. Kh2 Qh4+ 1/2-1/2

[Event "Bad Zwischenahn"]
[Site "NordWest-Cup"]
[Date "2006.02.04"]
[Round "4.8"]
[White "Bielmeier, Ludwig"]
[Black "Thinius, Marco"]
[Result "0-1"]
[WhiteElo "2189"]
[BlackElo "2343"]
[PlyCount "140"]
[EventDate "2006.??.??"]

1. Nf3 b6 2. g3 Bb7 3. Bg2 f5 4. d3 Nf6 5. O-O e6 6. c4 Be7 7. Nbd2 O-O 8. Qc2
Qe8 9. b3 Qh5 10. e4 fxe4 11. dxe4 Nc6 12. Bb2 Bc5 13. Qd3 Rad8 14. a3 a5 15.
h3 e5 16. Rae1 Qe8 17. Nb1 Qe7 18. Nc3 Bxa3 19. Bxa3 Qxa3 20. Nd5 Qc5 21. Qb1
Rc8 22. Rd1 d6 23. Nh4 Rf7 24. Nf5 Nxd5 25. Rxd5 Qa3 26. Rd2 Ne7 27. Ne3 Rcf8
28. Rfd1 Qc5 29. Qc2 Qc6 30. Rc1 Qe8 31. Qd3 Qa8 32. Nd5 Nc6 33. Ra1 Qd8 34.
Qe3 Nd4 35. f4 c6 36. fxe5 dxe5 37. Nc3 Qc7 (37... Rf3 38. Bxf3 Rxf3 39. Rxd4
Qxd4 40. Qxd4 exd4 41. Ne2 c5) 38. Rb2 Qd6 39. Rd1 Qc5 40. Kh1 Qe7 41. Ne2 c5
42. Ng1 Bc8 43. Rbd2 Be6 44. Rb1 h6 45. Rbb2 Qc7 46. Qe1 Ra8 47. Qb1 Qb7 48.
Ne2 Qd7 49. Kh2 b5 50. cxb5 Qxb5 51. Nc3 Qb7 52. Na4 Rc8 53. Rd3 Rfc7 54. Re3
Rb8 55. Nc3 c4 56. Nd5 Rf7 57. Qa2 cxb3 58. Qxa5 Ra8 59. Qc5 Ra6 60. Rc3 Rc6
61. Qa5 Rxc3 62. Qxc3 Qa7 63. Qb4 Qa1 64. Rd2 Qc1 65. Rxd4 exd4 66. Qb8+ Kh7
67. Qxb3 Qd2 68. Qb5 d3 69. Nf4 Rxf4 70. gxf4 Qxf4+ 0-1

[Event "Bad Zwischenahn"]
[Site "NordWest-Cup"]
[Date "2006.02.04"]
[Round "4.9"]
[White "Litwak, Aleksej"]
[Black "Lichmann, Peter"]
[Result "1/2-1/2"]
[WhiteElo "2182"]
[BlackElo "2282"]
[PlyCount "86"]
[EventDate "2006.??.??"]

1. e4 c5 2. Nf3 e6 3. d4 cxd4 4. Nxd4 a6 5. Be2 Qc7 6. O-O Nf6 7. Nc3 b5 8. Bf3
b4 9. e5 Bb7 10. Na4 Nd5 11. c4 bxc3 12. bxc3 d6 13. c4 Qxc4 14. Bf4 Nc6 15.
Nxc6 Bxc6 16. Bxd5 Qxd5 17. Qxd5 Bxd5 18. exd6 Rd8 19. d7+ Kxd7 20. Nb6+ Ke7
21. Bc7 Re8 22. Rad1 Kf6 23. Nxd5+ exd5 24. Rxd5 Rc8 25. Be5+ Ke6 26. Rfd1 f6
27. Bg3 Be7 28. Ra5 Rc6 29. Rad5 Rhc8 30. Kf1 Rc2 31. R5d2 Bb4 32. Rd4 a5 33.
Re4+ Kf7 34. Rd7+ Kf8 35. Bd6+ Bxd6 36. Rxd6 Rxa2 37. g4 Rcc2 38. Rd8+ Kf7 39.
Rd7+ Kg6 40. Ree7 Rxf2+ 41. Ke1 Kh6 42. Rxg7 Rfe2+ 43. Kd1 Rxh2 1/2-1/2

[Event "Bad Zwischenahn"]
[Site "NordWest-Cup"]
[Date "2006.02.04"]
[Round "4.10"]
[White "Franke, Thomas"]
[Black "Korsus, Bernd"]
[Result "1/2-1/2"]
[WhiteElo "2164"]
[BlackElo "2263"]
[PlyCount "49"]
[EventDate "2006.??.??"]

1. c4 Nf6 2. Nc3 c5 3. g3 d5 4. cxd5 Nxd5 5. Bg2 Nc7 6. Nf3 Nc6 7. O-O e5 8. d3
Be7 9. Ne1 O-O 10. Nc2 Be6 11. f4 exf4 12. Bxf4 Nd5 13. Bd2 Qd7 14. Nxd5 Bxd5
15. Bxd5 Qxd5 16. Ne3 Qe6 17. Nf5 Bf6 18. Bc3 Nd4 19. e4 Nxf5 20. Rxf5 Bxc3 21.
bxc3 b6 22. Qf3 Rad8 23. c4 g6 24. Rd5 Rxd5 25. exd5 1/2-1/2

[Event "Bad Zwischenahn"]
[Site "NordWest-Cup"]
[Date "2006.02.04"]
[Round "4.11"]
[White "Blancke, Stefan"]
[Black "Schuette, Marc"]
[Result "1/2-1/2"]
[WhiteElo "2261"]
[BlackElo "2194"]
[PlyCount "56"]
[EventDate "2006.??.??"]

1. d4 d5 2. c4 Nc6 3. cxd5 Qxd5 4. e3 e5 5. Nc3 Bb4 6. Bd2 Bxc3 7. bxc3 Qd6 8.
Bd3 Nge7 9. Ne2 O-O 10. O-O Be6 11. Qb1 f5 12. f3 b6 13. Be1 Rad8 14. Bf2 Na5
15. e4 fxe4 16. Bxe4 Bf5 17. Bg3 Nac6 18. Qb5 Bxe4 19. fxe4 Ng6 20. Rf5 Nce7
21. Bxe5 Nxe5 22. Rxe5 Qf6 23. Ng3 Qf2+ 24. Kh1 Ng6 25. Qc4+ Kh8 26. Rf5 Rxf5
27. Nxf5 Nf4 28. Rg1 Nh3 1/2-1/2

[Event "Bad Zwischenahn"]
[Site "NordWest-Cup"]
[Date "2006.02.04"]
[Round "4.12"]
[White "Lammers, Markus"]
[Black "Porth, Hartmut"]
[Result "1-0"]
[WhiteElo "2258"]
[BlackElo "2090"]
[PlyCount "81"]
[EventDate "2006.??.??"]

1. d4 Nc6 2. d5 Ne5 3. e4 e6 4. dxe6 dxe6 5. Qxd8+ Kxd8 6. f4 Ng6 7. Nc3 Bb4 8.
Nge2 Nf6 9. Bd2 Bd7 10. e5 Ng4 11. h3 Nh6 12. O-O-O Nf5 13. g4 Bxc3 14. bxc3
Nfe7 15. Nd4 Nc6 16. Be3 Kc8 17. Bg2 Na5 18. Rhf1 Nc4 19. Bg1 Ne7 20. Rde1 Nd5
21. Bxd5 exd5 22. f5 c5 23. Nf3 b6 24. Ng5 f6 25. exf6 gxf6 26. Nf7 Re8 27. Bf2
Kb7 28. Bh4 Rxe1+ 29. Rxe1 Re8 30. Rxe8 Bxe8 31. Nd8+ Kc8 32. Bxf6 Nd6 33. Ne6
h5 34. Ng7 hxg4 35. hxg4 Bd7 36. Be7 Nf7 37. g5 Nh8 38. Kd2 Nf7 39. Ke3 Ne5 40.
Kf4 Nf7 41. g6 1-0

[Event "Bad Zwischenahn"]
[Site "NordWest-Cup"]
[Date "2006.02.04"]
[Round "4.13"]
[White "Müller, Dieter"]
[Black "Fruebing, Thomas"]
[Result "0-1"]
[WhiteElo "2156"]
[BlackElo "2189"]
[PlyCount "98"]
[EventDate "2006.??.??"]

1. e4 e6 2. d4 d5 3. exd5 exd5 4. Nf3 Nc6 5. c3 Bd6 6. Bd3 Bg4 7. O-O Qf6 8.
Qe1+ Qe7 9. Nbd2 O-O-O 10. b3 Qf6 11. a4 Nh6 12. Ba3 Rhe8 13. Qb1 Bf4 14. Qc2
Bd7 15. Rfe1 Ng4 16. Nf1 g6 17. Rxe8 Rxe8 18. Bc1 Bd6 19. h3 h5 20. Bg5 Qg7 21.
hxg4 hxg4 22. Nh4 Rh8 23. Qd2 Ne7 24. g3 f6 25. Bf4 Bxf4 26. Qxf4 g5 27. Qe3
gxh4 28. gxh4 Rxh4 29. Ng3 Rh8 30. Re1 Ng6 31. Bf5 Bxf5 32. Nxf5 Qd7 33. Qe6
Rf8 34. Qxd7+ Kxd7 35. Kg2 Rh8 36. Re3 Rh5 37. Ng7 Nh4+ 38. Kg3 Rh7 39. Ne6
Nf5+ 40. Kf4 Nxe3 41. Nf8+ Ke7 42. Nxh7 Nd1 43. Kxg4 Nxf2+ 44. Kf5 Ne4 45. c4
c6 46. cxd5 cxd5 47. b4 Kf7 48. a5 Nd6+ 49. Kf4 Kg7 0-1

[Event "Bad Zwischenahn"]
[Site "NordWest-Cup"]
[Date "2006.02.04"]
[Round "4.14"]
[White "Troyke, Doreen"]
[Black "Ivanov, Michail"]
[Result "0-1"]
[WhiteElo "2123"]
[BlackElo "2447"]
[PlyCount "86"]
[EventDate "2006.??.??"]

1. c4 Nf6 2. Nc3 g6 3. g3 Bg7 4. Bg2 O-O 5. e3 d6 6. Nge2 c5 7. O-O Nc6 8. d3
Rb8 9. Rb1 Bd7 10. b3 a6 11. Bb2 b5 12. Qd2 Qa5 13. Rfd1 Rfc8 14. Nd5 Nxd5 15.
cxd5 Qxd2 16. Rxd2 Na7 17. Bxg7 Kxg7 18. Rc1 b4 19. h4 Nb5 20. Bf3 a5 21. Kg2
h5 22. Rdc2 a4 23. bxa4 Na3 24. Rb2 Bxa4 25. Nf4 Bd7 26. Bd1 e5 27. Ne2 Bf5 28.
e4 Bd7 29. Bb3 Ra8 30. f4 f6 31. Ng1 Bg4 32. Nf3 Bxf3+ 33. Kxf3 Nb5 34. Bc4
Nd4+ 35. Kg2 Re8 36. Rf1 Ra3 37. Rbf2 f5 38. Kh2 Rc3 39. Ba6 exf4 40. Rxf4 Rc2+
41. Kh1 Rxa2 42. Bc4 Ra3 43. exf5 Nxf5 0-1

[Event "Bad Zwischenahn"]
[Site "NordWest-Cup"]
[Date "2006.02.04"]
[Round "4.15"]
[White "Jugelt, Tobias"]
[Black "Stippekohl, Peter"]
[Result "1/2-1/2"]
[WhiteElo "2410"]
[BlackElo "2175"]
[PlyCount "78"]
[EventDate "2006.??.??"]

1. d4 d6 2. Bf4 f5 3. g4 e6 4. gxf5 exf5 5. e3 Nf6 6. c4 g6 7. Nc3 Nh5 8. Bg3
Bg7 9. Nge2 Nxg3 10. hxg3 Nd7 11. Bg2 c6 12. Nf4 Nf6 13. Qc2 Bd7 14. O-O-O O-O
15. d5 Qe7 16. Rd2 Rfd8 17. e4 fxe4 18. Nxe4 Bf5 19. Re2 Re8 20. Rhe1 Qf8 21.
Ne6 Bxe6 22. Nxf6+ Bxf6 23. Rxe6 c5 24. Qe4 Red8 25. f4 Rab8 26. Bf1 a6 27. a4
b6 28. Bd3 Rb7 29. Kc2 Rf7 30. Re2 Qh6 31. f5 g5 32. Qg2 g4 33. Qe4 Qg5 34.
Re8+ Rxe8 35. Qxe8+ Kg7 36. Re6 Be5 37. f6+ Bxf6 38. Bxh7 Rf8 39. Qd7+ Rf7
1/2-1/2

[Event "Bad Zwischenahn"]
[Site "NordWest-Cup"]
[Date "2006.02.04"]
[Round "4.16"]
[White "Schneider, Ilja"]
[Black "Thimm, Torsten"]
[Result "1/2-1/2"]
[WhiteElo "2392"]
[BlackElo "2174"]
[PlyCount "82"]
[EventDate "2006.??.??"]

1. e4 c5 2. Nf3 e6 3. c3 d5 4. exd5 Qxd5 5. Na3 a6 6. Nc4 Nd7 7. a4 Ngf6 8. Be2
b6 9. O-O Bb7 10. d4 Be7 11. dxc5 Bxc5 12. Bf4 O-O 13. b4 Be7 14. Nd6 e5 15.
Bxe5 Nxe5 16. Nxb7 Ng6 17. Qxd5 Nxd5 18. Nd4 Nxc3 19. Bf3 Ne5 20. Rfe1 Nxf3+
21. gxf3 Bf6 22. Nb3 Rab8 23. Nd6 Rfd8 24. Nc4 Nd5 25. Rad1 Bc3 26. Re4 f5 27.
Re6 Bxb4 (27... Nf4 28. Red6 Rxd6 29. Rxd6 b5) 28. Ne3 Nxe3 29. Rxd8+ Rxd8 30.
fxe3 Rd3 31. Nd4 Bc5 32. Nxf5 g6 33. Nh6+ Kg7 34. Ng4 h5 35. Rxg6+ Kxg6 36.
Ne5+ Kf5 37. Nxd3 Bxe3+ 38. Kf1 Bf4 39. h3 Bd6 40. Ke2 Kg5 41. Kf1 Kf5 1/2-1/2

[Event "Bad Zwischenahn"]
[Site "NordWest-Cup"]
[Date "2006.02.04"]
[Round "4.17"]
[White "Döll, Detlef"]
[Black "Troyke, Christian"]
[Result "1/2-1/2"]
[WhiteElo "2138"]
[BlackElo "2371"]
[PlyCount "79"]
[EventDate "2006.??.??"]

1. e4 g6 2. Nc3 Bg7 3. g3 c5 4. Bg2 Nc6 5. d3 d6 6. Nge2 e6 7. O-O Nge7 8. Be3
Nd4 9. Qd2 O-O 10. Nd1 Nxe2+ 11. Qxe2 b6 12. Qd2 Bb7 13. Bh6 f5 14. Bxg7 Kxg7
15. f4 Qd7 16. Ne3 Rad8 17. exf5 Nxf5 18. Nxf5+ exf5 19. Rfe1 Rde8 20. Bxb7
Qxb7 21. Re3 Rxe3 22. Qxe3 Qf7 23. c4 Re8 24. Qf2 Qf6 25. Kf1 Kf7 26. Re1 Rxe1+
27. Kxe1 Qe7+ 28. Kf1 Qb7 29. Qg2 Qxg2+ 30. Kxg2 Ke6 31. Kf3 d5 32. Ke3 d4+ 33.
Ke2 Kf6 34. Kf2 Kg7 35. Kg2 Kh6 36. Kf2 Kh5 37. Kf3 h6 38. h3 g5 39. Kg2 gxf4
40. gxf4 1/2-1/2

[Event "Bad Zwischenahn"]
[Site "NordWest-Cup"]
[Date "2006.02.04"]
[Round "4.18"]
[White "Becker, Martin Alexander"]
[Black "Stümer, Paul"]
[Result "0-1"]
[WhiteElo "2353"]
[BlackElo "2161"]
[PlyCount "116"]
[EventDate "2006.??.??"]

1. d4 Nf6 2. c4 g6 3. Nc3 Bg7 4. e4 d6 5. Nf3 O-O 6. Be2 e5 7. O-O exd4 8. Nxd4
Re8 9. f3 Nc6 10. Be3 Nh5 11. Qd2 f5 12. Nxc6 bxc6 13. Bg5 Qd7 14. exf5 Qxf5
15. Rae1 Bd7 16. Be3 Qf8 17. f4 Nf6 18. Bf3 a5 19. h3 Rab8 20. c5 d5 21. a3 Bf5
22. Bd4 Ne4 23. Bxe4 dxe4 24. Bxg7 Qxg7 25. g4 Red8 26. Qf2 Be6 27. Rxe4 Bd5
28. Re5 Rb3 29. Rfe1 Rf8 30. f5 gxf5 31. Nxd5 cxd5 32. Qg2 c6 33. gxf5 Qxg2+ (
33... Rg3 $3) 34. Kxg2 Rxb2+ 35. Kf3 Rb3+ 36. R1e3 a4 37. Kf4 d4 38. Re1 d3 39.
Re7 d2 40. Rg1+ Kh8 41. Rd7 Rxa3 42. h4 Rh3 43. Rxd2 Rxh4+ 44. Ke5 Rc4 45. f6
Re8+ 46. Kd6 Rf4 (46... Rd8+ 47. Ke7 Rxd2 48. Rg8+ Kxg8 49. f7+ Kg7 50. f8=Q+
Kg6 51. Qg8+ Kf5 52. Qxc4) 47. Kxc6 Rxf6+ 48. Rd6 Rf5 49. Rc1 a3 50. Kb6 a2 51.
c6 Rb8+ 52. Kc7 Rb1 53. Rdd1 a1=Q 54. Rxb1 Qa5+ 55. Kd7 Rf7+ 56. Ke6 Qc7 57.
Rb8+ Qxb8 58. Kxf7 Qb3+ 0-1

[Event "Bad Zwischenahn"]
[Site "NordWest-Cup"]
[Date "2006.02.04"]
[Round "4.19"]
[White "Dittmar, Peter"]
[Black "Meessen, Max"]
[Result "1-0"]
[WhiteElo "2334"]
[BlackElo "2114"]
[PlyCount "117"]
[EventDate "2006.??.??"]

1. d4 Nf6 2. Nf3 g6 3. Nc3 d5 4. Bf4 Bg7 5. e3 c6 6. Be2 O-O 7. Ne5 Nfd7 8. Qd2
Nxe5 9. Bxe5 f6 10. Bg3 e5 11. O-O-O Be6 12. h4 Nd7 13. h5 Qa5 14. hxg6 hxg6
15. Kb1 b5 16. a3 Qb6 17. dxe5 fxe5 18. e4 d4 19. Na2 a5 20. Qg5 Bf7 21. Bg4
Nc5 22. Bxe5 Nxe4 23. Qh4 Nf6 24. Bxd4 c5 25. Bxf6 Bxa2+ 26. Kxa2 Rxf6 27. Rd7
(27. Qh7+ Kf8 28. Rhe1 Rd8 29. Rd7 Rxd7 30. Bxd7 Qd8 31. Re8+ Qxe8 32. Bxe8)
27... Rf7 28. Re1 Rxd7 29. Bxd7 Qf6 30. Qxf6 Bxf6 31. Bxb5 Rb8 32. a4 Bd4 33.
Re2 Rf8 34. f3 Kg7 35. c3 Bg1 36. Kb3 Rf4 37. Re6 Rf6 38. Rxf6 Kxf6 39. Kc4 Be3
40. Be8 Bc1 41. b4 cxb4 42. cxb4 axb4 43. Kxb4 g5 44. a5 Ke7 45. Ba4 Kd6 46. a6
Be3 47. Kc4 Kc7 48. Bb5 Bf2 49. Kd5 Bg1 50. Ke5 Kb6 51. Bd3 Kc7 52. Kf5 Be3 53.
Be4 Kb6 54. Bb7 Kc7 55. g3 Kd7 56. f4 gxf4 57. gxf4 Ke7 58. Ke5 Bg1 59. Be4 1-0

[Event "Bad Zwischenahn"]
[Site "NordWest-Cup"]
[Date "2006.02.04"]
[Round "4.20"]
[White "Wewers, Reinhard"]
[Black "Hedke, Fred"]
[Result "0-1"]
[WhiteElo "2104"]
[BlackElo "2328"]
[PlyCount "60"]
[EventDate "2006.??.??"]

1. d4 d5 2. c4 e6 3. Nf3 Nf6 4. Nc3 Be7 5. Bg5 O-O 6. e3 b6 7. Be2 Bb7 8. Bxf6
Bxf6 9. cxd5 exd5 10. b4 c5 11. bxc5 bxc5 12. O-O c4 13. Rb1 Bc6 14. Qc2 Re8
15. Nd2 Qd6 16. Bf3 Na6 17. e4 Nb4 18. e5 Nxc2 19. exd6 Nxd4 20. Bxd5 Bxd5 21.
Nxd5 Ne2+ 22. Kh1 c3 23. Nb3 Rad8 24. Rbe1 Re6 25. Nc5 Re5 26. d7 Kf8 27. Ne3
Rxc5 28. Rxe2 Rxd7 29. Nc2 Rb5 30. Rfe1 g6 0-1

[Event "Bad Zwischenahn"]
[Site "NordWest-Cup"]
[Date "2006.02.04"]
[Round "5.1"]
[White "Karpatchev, Aleksandr"]
[Black "Gutman, Lev"]
[Result "0-1"]
[WhiteElo "2530"]
[BlackElo "2465"]
[PlyCount "107"]
[EventDate "2006.??.??"]

1. e4 c5 2. c3 Nf6 3. e5 Nd5 4. d4 cxd4 5. Nf3 g6 6. Bc4 Nb6 7. Bb3 Bg7 8. O-O
O-O 9. Bf4 Nc6 10. Re1 d6 11. exd6 exd6 12. Bg5 Bf6 13. Bxf6 Qxf6 14. Nxd4 d5
15. Na3 Nxd4 16. Qxd4 Qxd4 17. cxd4 Bd7 18. Nb1 Rac8 19. Nc3 Be6 20. Rac1 Nc4
21. Bxc4 Rxc4 22. Ne2 Rfc8 23. Rxc4 Rxc4 24. Rc1 Rb4 25. b3 a5 26. Rc3 a4 27.
f3 Bd7 28. Kf2 Bb5 29. Rc5 axb3 30. axb3 Rxb3 31. Nf4 Rb2+ 32. Kg3 Bf1 33. Rxd5
b5 34. h4 h6 35. Re5 Rd2 36. Re1 Bc4 37. Re8+ Kg7 38. Rd8 Kf6 39. Nd5+ Bxd5 40.
Rxd5 b4 41. h5 Ke6 42. hxg6 fxg6 43. Rd8 b3 44. Rb8 b2 45. Rb4 g5 46. Rb3 Kd6
47. Kh3 Kc6 48. Rb8 Kd5 49. Rb4 h5 50. Kg3 g4 51. fxg4 hxg4 52. Kh2 Ke4 53. Kg3
Kd3 54. d5 0-1

[Event "Bad Zwischenahn"]
[Site "NordWest-Cup"]
[Date "2006.02.04"]
[Round "5.2"]
[White "Teske, Henrik"]
[Black "Meijers, Viesturs"]
[Result "1/2-1/2"]
[WhiteElo "2486"]
[BlackElo "2529"]
[PlyCount "45"]
[EventDate "2006.??.??"]

1. d4 Nf6 2. Nf3 e6 3. c4 b6 4. g3 Bb7 5. Bg2 Bb4+ 6. Nbd2 O-O 7. O-O Bxd2 8.
Qxd2 d6 9. b3 Nbd7 10. Ba3 Be4 11. Rac1 c5 12. Rfd1 Qe7 13. Bh3 h6 14. Qf4 Rfd8
15. dxc5 dxc5 16. Bb2 Bh7 17. Bg2 Rac8 18. h3 Be4 19. Rd2 Ba8 20. Rcd1 Ne8 21.
Qe3 Nf8 22. Rd3 f6 23. Ne1 1/2-1/2

[Event "Bad Zwischenahn"]
[Site "NordWest-Cup"]
[Date "2006.02.04"]
[Round "5.3"]
[White "Thinius, Marco"]
[Black "Schlawin, Marlon"]
[Result "0-1"]
[WhiteElo "2343"]
[BlackElo "2302"]
[PlyCount "96"]
[EventDate "2006.??.??"]

1. e4 e6 2. d4 d5 3. Nc3 Nf6 4. Bg5 Bb4 5. e5 h6 6. Be3 Ne4 7. Qg4 g6 8. a3
Bxc3+ 9. bxc3 Nxc3 10. Bd3 Nc6 11. h4 Qe7 12. Nh3 Bd7 13. h5 g5 14. f4 gxf4 15.
Qxf4 O-O-O 16. Nf2 Rdg8 17. Ng4 Rg7 18. Rh2 Ne4 19. Bxe4 dxe4 20. Qxe4 Na5 21.
g3 Bc6 22. Qf4 Nc4 23. Bc1 b6 24. Nf6 Bb7 25. Qf1 b5 26. Qd3 a6 27. a4 Nb6 28.
axb5 axb5 29. Rb1 Bc6 30. Bf4 Nd5 31. Nxd5 exd5 32. c3 Qe6 33. Ra2 Kd7 34. Ra6
Rb8 35. Qf3 Qf5 36. Rba1 Rbg8 37. Kf2 Rg4 38. Rh1 Qc2+ 39. Kg1 Qb1+ 40. Kg2
Qc2+ 41. Kg1 b4 42. cxb4 Qc4 43. b5 Qxd4+ 44. Kh2 Qb2+ 45. Kh3 Qxb5 46. Ra7 Kd8
47. e6 d4 48. e7+ Ke8 0-1

[Event "Bad Zwischenahn"]
[Site "NordWest-Cup"]
[Date "2006.02.04"]
[Round "5.4"]
[White "Fruebing, Thomas"]
[Black "Fish, Gennadij"]
[Result "0-1"]
[WhiteElo "2189"]
[BlackElo "2544"]
[PlyCount "26"]
[EventDate "2006.??.??"]

1. e4 c5 2. c3 e6 3. d4 d5 4. e5 Nc6 5. Be3 Nge7 6. Nf3 Nf5 7. Bd3 cxd4 8. cxd4
b6 9. Qd2 Bd7 10. Bxf5 exf5 11. Nc3 Be6 12. O-O Na5 13. Qd3 Be7 {und im 71.Zug}
0-1

[Event "Bad Zwischenahn"]
[Site "NordWest-Cup"]
[Date "2006.02.04"]
[Round "5.5"]
[White "Golod, Vitali"]
[Black "Lammers, Markus"]
[Result "1-0"]
[WhiteElo "2577"]
[BlackElo "2258"]
[PlyCount "81"]
[EventDate "2006.??.??"]

1. d4 Nf6 2. c4 c5 3. d5 e6 4. Nc3 exd5 5. cxd5 d6 6. e4 g6 7. h3 Bg7 8. Bd3
O-O 9. Nf3 b5 10. Bxb5 Nxe4 11. Nxe4 Qa5+ 12. Nfd2 Qxb5 13. Nxd6 Qa6 14. N2c4
Nd7 15. O-O Nb6 16. Nxb6 Qxb6 17. Nxc8 Raxc8 18. Re1 Rfd8 19. Bg5 f6 20. Bf4
Qb7 21. d6 Bf8 22. Rc1 Qc6 23. Qe2 Kg7 24. Red1 Rd7 25. Qe3 Kf7 26. Re1 Bxd6
27. Qe6+ Kg7 28. Rcd1 Rcd8 29. Rxd6 Rxd6 30. Qe7+ Kg8 31. Bxd6 Qxd6 32. Qxa7
Rd7 33. Qa8+ Kg7 34. a4 Qb6 35. Qe8 Qd6 36. Re6 Qd1+ 37. Kh2 Qxa4 38. Re7+ Kh6
39. Re4 Qa7 40. Qf8+ Kg5 41. f4+ 1-0